| 000 | 00908nam a22003017a 4500 | ||
|---|---|---|---|
| 003 | CHAP | ||
| 005 | 20220329135846.0 | ||
| 008 | 971013s1992 maua r 00010 eng d | ||
| 010 | _a43396 | ||
| 011 | _a44368 | ||
| 035 | _a48506 | ||
| 040 | _cCHAP | ||
| 082 | 0 | 4 |
_a006.37 _bB5 |
| 100 | 0 | 0 |
_aBlake, Andrew _e, ed. _913032 |
| 245 | 1 | _aActive vision | |
| 260 |
_aCambridge, Mass. : _bMIT, _c1992 |
||
| 300 |
_a368 p. : _bilus. |
||
| 590 |
_aBATCH-UPD _b10 _c20130110 _lUCH01 _h0147 |
||
| 590 |
_aBATCH-UPD _b10 _c20130110 _lUCH01 _h2231 |
||
| 590 |
_aBATCH-UPD _b10 _c20130409 _lUCH01 _h2147 |
||
| 590 |
_aBATCH-UPD _b10 _c20130914 _lUCH01 _h1832 |
||
| 590 |
_aCONVERSION _b10 _c20130109 _lUCH01 _h1324 |
||
| 650 | 1 | 4 |
_aVisión computarizada. _9119988 |
| 700 | 0 |
_aYuille, Alan. _9123346 |
|
| 901 | _aBK | ||
| 942 | _cLIBRO | ||
| 949 |
_a006.37 B5 _bBC _cLIBRO _d33724000009627 _eLIBRO _gI.169840 _h89204 _i48506 _si _t201.71 |
||
| 999 |
_c43396 _d43396 |
||